[Event "ROM-chT (Women)"]
[Site "Mamaia"]
[Date "2015.10.08"]
[Round "6.3"]
[White "Stanciu, Ioana Georgiana"]
[Black "Olea, Liliana"]
[Result "0-1"]
[WhiteElo "2038"]
[BlackElo "1932"]
[PlyCount "126"]
[EventDate "2015.10.03"]
[EventType "team-tourn"]
[EventRounds "9"]
[EventCountry "ROU"]
[SourceTitle "CBM 168 Extra"]
[Source "ChessBase"]
[SourceDate "2015.10.29"]
[SourceVersion "1"]
[SourceVersionDate "2015.10.29"]
[SourceQuality "1"]
[WhiteTeam "Lugoj CSM (W)"]
[BlackTeam "Arad University (W)"]
[WhiteTeamCountry "ROU"]
[BlackTeamCountry "ROU"]

1. e4 e5 2. Nf3 Nc6 3. Bb5 a6 4. Ba4 Nf6 5. 0-0 b5 6. Bb3 Bc5 7. Nxe5 Nxe5 8. d4 Bxd4 9. Qxd4 d6 10. c3 c5 11. Qe3 0-0 12. Nd2 Qe7 13. Re1 Nfg4 14. Qg3 c4 15. Bc2 f5 16. Nf3 Nxf3+ 17. gxf3 Ne5 18. Kh1 Bb7 19. Bg5 Qf7 20. Bf4 fxe4 21. Bxe5 dxe5 22. Bxe4 Bxe4 23. fxe4 Qxf2 24. Qxe5 Qf3+ 25. Kg1 Rad8 26. Qe6+ Kh8 27. Rf1 Qe3+ 28. Kh1 Rfe8 29. Rae1 Qxe1 30. Qxe8+ Rxe8 31. Rxe1 Kg8 32. Kg2 Kf7 33. Kf3 Rd8 34. Re2 g5 35. Kg4 Kg6 36. Kg3 Rd3+ 37. Kg2 Kf6 38. Rf2+ Ke6 39. Re2 Ke5 40. Kf2 h5 41. Kg2 g4 42. Kg1 h4 43. Kg2 Rf3 44. Rd2 Re3 45. Rd5+ Kxe4 46. Rd4+ Kf5 47. Rd6 Re2+ 48. Kg1 Re6 49. Rd4 Re1+ 50. Kf2 Rh1 51. Kg2 Rb1 52. Rd2 h3+ 53. Kf2 Rh1 54. Rd5+ Ke4 55. Rd4+ Kf5 56. Rd5+ Ke6 57. Rg5 Rxh2+ 58. Kg1 Rg2+ 59. Kh1 Kf6 60. Rg8 Kf5 61. Ra8 Rxb2 62. Rxa6 g3 63. a4 Rb1# 0-1

[Event "ROM-chT (Women)"]
[Site "Calimanesti"]
[Date "2014.11.12"]
[Round "5.3"]
[White "Bulmaga, Irina"]
[Black "Olea, Liliana"]
[Result "1-0"]
[WhiteElo "2393"]
[BlackElo "1946"]
[PlyCount "67"]
[EventDate "2014.11.08"]
[EventType "team-tourn"]
[EventRounds "7"]
[EventCountry "ROU"]
[SourceTitle "EXT 2015"]
[Source "ChessBase"]
[SourceDate "2014.11.20"]
[SourceVersion "1"]
[SourceVersionDate "2014.11.20"]
[SourceQuality "1"]
[WhiteTeam "Iasi Politehnica (W)"]
[BlackTeam "Arad University (W)"]
[WhiteTeamCountry "ROU"]
[BlackTeamCountry "ROU"]

1. e4 e5 2. Nf3 Nc6 3. Bb5 a6 4. Ba4 Nf6 5. 0-0 b5 6. Bb3 Bc5 7. c3 d6 8. d4 Bb6 9. Re1 0-0 10. Bg5 h6 11. Bxf6 Qxf6 12. Bd5 Bb7 13. Nbd2 Rad8 14. Bxc6 Bxc6 15. Nf1 Rfe8 16. Ng3 exd4 17. Nxd4 Bb7 18. Re3 d5 19. Nh5 Qe5 20. Rg3 g6 21. f4 Qe7 22. e5 Kh8 23. Nf6 Rf8 24. Kh1 Bxd4 25. cxd4 Bc8 26. Rc1 Bf5 27. Rgc3 Qb4 28. b3 Qa5 29. Qe2 Rc8 30. Nxd5 Rcd8 31. Ne3 Rxd4 32. Nxf5 gxf5 33. Qh5 Kg7 34. Rg3+ 1-0

[Event "ROM-chT (Women)"]
[Site "Calimanesti"]
[Date "2014.11.11"]
[Round "4.2"]
[White "Olea, Liliana"]
[Black "Daulyte Cornette, Deimante"]
[Result "0-1"]
[WhiteElo "1946"]
[BlackElo "2364"]
[PlyCount "62"]
[EventDate "2014.11.08"]
[EventType "team-tourn"]
[EventRounds "7"]
[EventCountry "ROU"]
[SourceTitle "EXT 2015"]
[Source "ChessBase"]
[SourceDate "2014.11.20"]
[SourceVersion "1"]
[SourceVersionDate "2014.11.20"]
[SourceQuality "1"]
[WhiteTeam "Arad University (W)"]
[BlackTeam "Bucharest CSM (W)"]
[WhiteTeamCountry "ROU"]
[BlackTeamCountry "ROU"]

1. e4 d6 2. d4 Nf6 3. Nc3 e5 4. Nge2 Be7 5. f3 h5 6. Be3 c6 7. Qd2 b5 8. a3 a6 9. d5 c5 10. a4 b4 11. Nd1 Nbd7 12. Nc1 Nf8 13. c3 a5 14. cxb4 axb4 15. Bb5+ Bd7 16. Qd3 Ng6 17. Ne2 h4 18. b3 Nh5 19. Kf2 Nhf4 20. Bxd7+ Qxd7 21. Qd2 f5 22. Nb2 fxe4 23. fxe4 0-0 24. Bxf4 Nxf4 25. Nxf4 Rxf4+ 26. Kg1 Rxe4 27. Nc4 Qg4 28. h3 Qg3 29. Qc2 Rxc4 30. Qxc4 Bg5 31. Qg4 Be3+ 0-1

[Event "EU-ch (Women) 14th"]
[Site "Belgrade"]
[Date "2013.08.03"]
[Round "11"]
[White "Batyte, Daiva"]
[Black "Olea, Liliana"]
[Result "1-0"]
[WhiteElo "2161"]
[BlackElo "1905"]
[PlyCount "107"]
[EventDate "2013.07.23"]
[EventType "swiss"]
[EventRounds "11"]
[EventCountry "SRB"]
[SourceTitle "CBM 155 Extra"]
[Source "ChessBase"]
[SourceDate "2013.08.26"]
[SourceVersion "1"]
[SourceVersionDate "2013.08.26"]
[SourceQuality "1"]

1. c4 e6 2. Nf3 d5 3. d4 c6 4. b3 Nf6 5. e3 Nbd7 6. Bd3 Bd6 7. Bb2 0-0 8. Nbd2 Re8 9. Ne5 Nf8 10. 0-0 N6d7 11. f4 f6 12. Nxd7 Bxd7 13. e4 f5 14. e5 Be7 15. g4 Kh8 16. Kh1 Bc8 17. c5 b6 18. b4 a5 19. a3 Ba6 20. Bxa6 Rxa6 21. gxf5 exf5 22. Qc2 g6 23. Bc3 Ne6 24. Qd3 Ra8 25. cxb6 axb4 26. axb4 Qxb6 27. Rab1 Reb8 28. Rb3 Ra4 29. Rfb1 Nxf4 30. Qf1 Ne6 31. b5 Nxd4 32. Bxd4 Qxd4 33. bxc6 Rxb3 34. Rxb3 Qxe5 35. Nf3 Qd6 36. Rb7 Bf6 37. c7 Ra8 38. Qb1 Rc8 39. Rb6 Qf4 40. Qd3 Kg7 41. Rxf6 Qe4 42. Qc3 d4 43. Qc6 d3 44. Re6 Qxc6 45. Rxc6 Kf8 46. Kg2 Ke7 47. Kf2 Kd7 48. Ne5+ Ke7 49. Ke3 g5 50. Kxd3 h5 51. Kd4 h4 52. Kd5 g4 53. Re6+ Kf8 54. Kd6 1-0

[Event "EU-ch (Women) 14th"]
[Site "Belgrade"]
[Date "2013.07.31"]
[Round "8"]
[White "Olea, Liliana"]
[Black "Bogumil, Tatiana"]
[Result "1-0"]
[WhiteElo "1905"]
[BlackElo "2084"]
[PlyCount "123"]
[EventDate "2013.07.23"]
[EventType "swiss"]
[EventRounds "11"]
[EventCountry "SRB"]
[SourceTitle "CBM 155 Extra"]
[Source "ChessBase"]
[SourceDate "2013.08.26"]
[SourceVersion "1"]
[SourceVersionDate "2013.08.26"]
[SourceQuality "1"]

1. e4 d6 2. d4 g6 3. h3 Bg7 4. Nc3 c6 5. a4 a5 6. g3 Na6 7. Bg2 Qc7 8. Nge2 e5 9. Be3 Nf6 10. 0-0 0-0 11. f4 Nb4 12. Qd2 exd4 13. Bxd4 d5 14. e5 Nd7 15. Bf2 Re8 16. Nd4 Nf8 17. Rfe1 Ne6 18. Nb3 Bf8 19. Ne2 Ng7 20. c3 Na6 21. Qd4 b6 22. g4 Nc5 23. Qd1 Nxb3 24. Qxb3 Bc5 25. Nd4 Ba6 26. Kh1 h5 27. Qc2 Qd7 28. Bf3 hxg4 29. hxg4 Ne6 30. Qd2 Nxd4 31. Bxd4 Qe7 32. g5 Qe6 33. Qh2 Kf8 34. Qh8+ Ke7 35. Qf6+ Kd7 36. Kg2 Bd3 37. Kg3 Qxf6 38. gxf6 Bf5 39. Rh1 Ke6 40. Rh7 Rh8 41. Rah1 Rxh7 42. Rxh7 Bxd4 43. cxd4 c5 44. Rh2 cxd4 45. Rd2 d3 46. Bg4 d4 47. Rxd3 Bxg4 48. Kxg4 Kd5 49. Rb3 Ke4 50. Rxb6 d3 51. Rd6 Rb8 52. Rd7 Ke3 53. Rxf7 Rd8 54. Rh7 d2 55. Rh3+ Ke4 56. Rh1 d1Q+ 57. Rxd1 Rxd1 58. f7 Rg1+ 59. Kh3 Rh1+ 60. Kg2 Rh8 61. e6 Rb8 62. e7 1-0

[Event "EU-ch (Women) 14th"]
[Site "Belgrade"]
[Date "2013.07.24"]
[Round "2"]
[White "Baraeva, Irina"]
[Black "Olea, Liliana"]
[Result "1-0"]
[WhiteElo "2171"]
[BlackElo "1905"]
[PlyCount "49"]
[EventDate "2013.07.23"]
[EventType "swiss"]
[EventRounds "11"]
[EventCountry "SRB"]
[SourceTitle "CBM 155 Extra"]
[Source "ChessBase"]
[SourceDate "2013.08.26"]
[SourceVersion "1"]
[SourceVersionDate "2013.08.26"]
[SourceQuality "1"]

1. d4 d5 2. Nf3 e6 3. c4 Nf6 4. Nc3 c6 5. Bg5 Nbd7 6. e3 Qa5 7. cxd5 Nxd5 8. Qb3 Bb4 9. Rc1 0-0 10. Bd3 h6 11. Bh4 c5 12. 0-0 Bxc3 13. bxc3 Re8 14. Rfd1 a6 15. Bb1 b5 16. Qc2 f5 17. e4 Nf4 18. Bg3 Nh5 19. exf5 Nxg3 20. hxg3 cxd4 21. fxe6 Nf6 22. Nxd4 Bxe6 23. Nxe6 Rxe6 24. Qb3 Rae8 25. Bf5 1-0

[Event "ROM-ch (Women)"]
[Site "Baile Olanesti"]
[Date "2013.02.24"]
[Round "9"]
[White "Didiliuc, Dariana Gabriela"]
[Black "Olea, Liliana"]
[Result "0-1"]
[WhiteElo "1573"]
[BlackElo "1926"]
[PlyCount "76"]
[EventDate "2013.02.16"]
[EventType "swiss"]
[EventRounds "9"]
[EventCountry "ROU"]
[SourceTitle "CBM 153 Extra"]
[Source "ChessBase"]
[SourceDate "2013.04.22"]
[SourceVersion "1"]
[SourceVersionDate "2013.04.22"]
[SourceQuality "1"]

1. Nf3 Nf6 2. b3 d5 3. Bb2 e6 4. e3 Bd6 5. Be2 Nbd7 6. d3 0-0 7. Nbd2 e5 8. c4 c5 9. cxd5 Nxd5 10. Nc4 Bc7 11. Nfxe5 Nxe5 12. Bxe5 Bxe5 13. Nxe5 Qg5 14. Ng4 Nc3 15. h4 Qg6 16. Ne5 Qxg2 17. Bf3 Qxh1+ 18. Bxh1 Nxd1 19. Kxd1 Re8 20. Nf3 Bf5 21. Ke2 Rad8 22. Ne1 b6 23. a3 Re7 24. b4 cxb4 25. axb4 Rc7 26. Ra3 Kf8 27. Bf3 Be6 28. d4 f5 29. Kd2 Bd5 30. Be2 Rd6 31. Bb5 Rh6 32. Bd3 g6 33. h5 Rxh5 34. Be2 Rh2 35. Nd3 Be4 36. Nf4 Rc2+ 37. Ke1 Rh1+ 38. Bf1 Rc1+ 0-1

[Event "ROM-ch (Women)"]
[Site "Baile Olanesti"]
[Date "2013.02.16"]
[Round "1"]
[White "Toma, Andreea Simona"]
[Black "Olea, Liliana"]
[Result "1-0"]
[WhiteElo "1331"]
[BlackElo "1926"]
[PlyCount "101"]
[EventDate "2013.02.16"]
[EventType "swiss"]
[EventRounds "9"]
[EventCountry "ROU"]
[SourceTitle "CBM 153 Extra"]
[Source "ChessBase"]
[SourceDate "2013.04.22"]
[SourceVersion "1"]
[SourceVersionDate "2013.04.22"]
[SourceQuality "1"]

1. d4 d5 2. c4 c6 3. Nc3 Nf6 4. e3 Bf5 5. Nf3 e6 6. Bd2 Bd6 7. Qb3 Qe7 8. c5 Bc7 9. Qxb7 Ba5 10. Qxe7+ Kxe7 11. Ne5 Nfd7 12. Nxd7 Kxd7 13. a3 Bc7 14. b4 a6 15. f3 e5 16. g4 Be6 17. h3 exd4 18. exd4 Bg3+ 19. Kd1 Bf2 20. Na4 Bxd4 21. Nb6+ Ke7 22. Nxa8 Bxa1 23. Nc7 Bc8 24. Bf4 Bb2 25. Kc2 Bf6 26. Nxd5+ cxd5 27. Bxb8 h5 28. Bg2 Bf5+ 29. gxf5 Rxb8 30. f4 d4 31. Bc6 g6 32. Re1+ Kf8 33. Bd5 gxf5 34. Bc4 a5 35. b5 Rc8 36. c6 Be7 37. a4 Bd6 38. Rd1 Bc5 39. Re1 Bd6 40. Bd5 Bc7 41. Kd3 Bb6 42. Re5 Re8 43. Rxf5 Re3+ 44. Kd2 Rxh3 45. Rxf7+ Ke8 46. Rb7 Rh2+ 47. Kd1 Bd8 48. c7 Bxc7 49. Rxc7 Rf2 50. b6 Kd8 51. Rc4 1-0

[Event "BUL-ch op (Women)"]
[Site "Vratsa"]
[Date "2012.07.27"]
[Round "7"]
[White "Olea, Liliana"]
[Black "Bauyrzhan, Arnash"]
[Result "1/2-1/2"]
[WhiteElo "2014"]
[BlackElo "1801"]
[PlyCount "74"]
[EventDate "2012.07.23"]
[EventType "swiss"]
[EventRounds "9"]
[EventCountry "BUL"]
[SourceTitle "CBM 149 Extra"]
[Source "ChessBase"]
[SourceDate "2012.08.24"]
[SourceVersion "1"]
[SourceVersionDate "2012.08.24"]
[SourceQuality "1"]

1. e4 c5 2. Nf3 e6 3. d4 cxd4 4. Nxd4 a6 5. Nc3 Qc7 6. Be3 Nc6 7. Qd2 Nf6 8. f3 Bb4 9. g4 h6 10. a3 Be7 11. Bf4 d6 12. Nb3 Nd7 13. 0-0-0 Nde5 14. Be2 Bd7 15. Bg3 b5 16. f4 Nc4 17. Bxc4 bxc4 18. Nd4 Rb8 19. Nce2 Qa5 20. Qxa5 Nxa5 21. Nc3 0-0 22. h4 Rb7 23. Rde1 Rfb8 24. Nd1 Bf6 25. Bf2 e5 26. g5 exd4 27. gxf6 Nc6 28. Rhg1 g6 29. h5 Kh7 30. hxg6+ fxg6 31. f5 g5 32. Bg3 Ne5 33. Re2 Rf8 34. Bf2 d3 35. cxd3 Nxd3+ 36. Kb1 Rxf6 37. Bd4 Ne5 1/2-1/2

[Event "BUL-ch op (Women)"]
[Site "Vratsa"]
[Date "2012.07.26"]
[Round "5"]
[White "Olea, Liliana"]
[Black "Salimova, Nurgyul"]
[Result "0-1"]
[WhiteElo "2014"]
[BlackElo "1753"]
[PlyCount "54"]
[EventDate "2012.07.23"]
[EventType "swiss"]
[EventRounds "9"]
[EventCountry "BUL"]
[SourceTitle "CBM 149 Extra"]
[Source "ChessBase"]
[SourceDate "2012.08.24"]
[SourceVersion "1"]
[SourceVersionDate "2012.08.24"]
[SourceQuality "1"]

1. d4 d5 2. Nf3 Nf6 3. e3 Bf5 4. c4 e6 5. Nc3 c6 6. cxd5 exd5 7. Bd3 Bxd3 8. Qxd3 Bd6 9. 0-0 0-0 10. a3 a5 11. b3 Re8 12. Bb2 Ne4 13. Ne2 Nd7 14. Rac1 Qe7 15. a4 Ng5 16. Qf5 Nxf3+ 17. Qxf3 Nf6 18. Ng3 Bxg3 19. hxg3 Ne4 20. Qd1 Qg5 21. Re1 Re6 22. g4 Qh4 23. g3 Qh3 24. Rc2 Rh6 25. Qf3 Qh2+ 26. Kf1 Rf6 27. Qg2 Nxg3+ 0-1

[Event "BUL-ch op (Women)"]
[Site "Vratsa"]
[Date "2012.07.25"]
[Round "3"]
[White "Olea, Liliana"]
[Black "Valeva, Ana"]
[Result "1-0"]
[WhiteElo "2014"]
[BlackElo "1454"]
[PlyCount "49"]
[EventDate "2012.07.23"]
[EventType "swiss"]
[EventRounds "9"]
[EventCountry "BUL"]
[SourceTitle "CBM 149 Extra"]
[Source "ChessBase"]
[SourceDate "2012.08.24"]
[SourceVersion "1"]
[SourceVersionDate "2012.08.24"]
[SourceQuality "1"]

1. e4 e5 2. Nf3 Nc6 3. Bc4 Be7 4. d3 Nf6 5. Nc3 d6 6. h3 0-0 7. 0-0 h6 8. Nh2 Be6 9. Nd5 Na5 10. Nxf6+ Bxf6 11. Bxe6 fxe6 12. Qg4 Kf7 13. f4 Nc6 14. f5 exf5 15. Qxf5 Nd4 16. Qh5+ Kg8 17. c3 Ne6 18. Qg4 Ng5 19. h4 Nf7 20. g3 Kh8 21. Qg6 Qe7 22. Ng4 Nd8 23. Bxh6 gxh6 24. Qxh6+ Kg8 25. Nxf6+ 1-0

[Event "BUL-ch op (Women)"]
[Site "Vratsa"]
[Date "2012.07.23"]
[Round "1"]
[White "Olea, Liliana"]
[Black "Lakinska, Simona"]
[Result "1-0"]
[WhiteElo "2014"]
[BlackElo "1655"]
[PlyCount "73"]
[EventDate "2012.07.23"]
[EventType "swiss"]
[EventRounds "9"]
[EventCountry "BUL"]
[SourceTitle "CBM 149 Extra"]
[Source "ChessBase"]
[SourceDate "2012.08.24"]
[SourceVersion "1"]
[SourceVersionDate "2012.08.24"]
[SourceQuality "1"]

1. e4 e5 2. Nc3 Nf6 3. f4 d6 4. Nf3 Nc6 5. Bb5 Bg4 6. 0-0 Be7 7. d3 0-0 8. Bxc6 bxc6 9. Ne2 exf4 10. Bxf4 Nh5 11. Be3 f5 12. Ned4 fxe4 13. dxe4 Qd7 14. h3 Bxf3 15. Rxf3 Nf6 16. Qd3 c5 17. Nf5 Qe6 18. Bg5 h6 19. Bh4 Rf7 20. Re1 Bd8 21. Rg3 Kh8 22. Rg6 Qd7 23. Rf1 Nh5 24. Be1 Rf6 25. Rg4 g6 26. Bc3 gxf5 27. Rxf5 Qf7 28. Qf3 Kh7 29. Bxf6 Bxf6 30. e5 Re8 31. exf6 Re1+ 32. Kh2 Re5 33. Rxe5 dxe5 34. Qf5+ Kh8 35. Rg6 Nf4 36. Rxh6+ Kg8 37. Qg4+ 1-0